Tratamiento de desechos por medio de lagunas de oxidación.

Spremljeno u:
Bibliografski detalji
Glavni autor: Sáenz Forero, Rodolfo, 1934-2021
Format: Nepoznato
Izdano: [San José, Costa Rica] 1958
Teme:
Oznake: Dodaj oznaku
Bez oznaka, Budi prvi tko označuje ovaj zapis!

MARC

LEADER 00000 a2200000 4500
003 011057
005 20240102134656.0
008 140114s1958 c a m 000 ||s d
040 |c cru CEDI 
090 |a TFG 099 
100 |a Sáenz Forero, Rodolfo, 1934-2021  |9 2056 
245 |a Tratamiento de desechos por medio de lagunas de oxidación. 
260 |a [San José, Costa Rica]  |c 1958 
300 |a  51 hojas, gráficos (color), planos. (color y plegables) ; 28 cm.  
500 |a Tesis (Ingeniero Civil) Universidad de Costa Rica.  
501 |a Ed. mecanografiada 
650 |x AGUAS RESIDUALES   |x DESAGUES CLOACALES  |9 17222 
942 |c TFG  |i 011057  |h TFG 099  |6 TFG_099_011057000000000 
999 |c 11990  |d 11990